| 000 | 00839nam a22002057a 4500 | ||
|---|---|---|---|
| 999 |
_c7008 _d7008 |
||
| 003 | AR-CdUCM | ||
| 008 | 190319b ||||| |||| 00| 0 spa d | ||
| 040 |
_aMUNICIPALIDAD PROVINCIAL DEL CUSCO _cBIBLIOTECA MUNICIPAL DEL CUSCO |
||
| 082 |
_a104 / _bG91 |
||
| 100 |
_aGuibal, Francis _919748 |
||
| 245 |
_aGramsci : _bFilosofía, política, cultura / |
||
| 260 |
_aLima : _bFenix, _c1981. |
||
| 300 |
_a350 páginas ; _c22 cm. |
||
| 505 | _aContenido : Primera parte : Un pensamiento ubicado -- Capítulo primero : Una obra nacida de la vida -- Capitulo segundo : Existencia histórica y reflexión filosófica -- Capitulo tercero : La herencia del pasado -- Capitulo cuarto : Una lucha en varios frentes ... | ||
| 650 |
_aFilosofia _9395 |
||
| 650 |
_aPolitica _9291 |
||
| 650 |
_aCultura _9126 |
||
| 942 |
_2ddc _cLIBROS |
||
| 945 | _arah | ||